[Event "Mittelfrankenliga 05/06 (B1)"]
[Site "Mfr.2005/06-R9"]
[Date "2006.04.30"]
[Round "9.6"]
[White "Weinmann, Stefan"]
[Black "Linsenmeyer, Mario"]
[Result "1/2-1/2"]
[WhiteElo "1991"]
[BlackElo "1918"]
[Annotator "Nbg.1911/1-Großenseebach1"]
[PlyCount "133"]
[EventDate "2006.04.30"]
[SourceDate "2005.10.17"]

1. d4 Nf6 2. c4 e6 3. Nf3 b6 4. a3 Bb7 5. Nc3 d5 6. cxd5 Nxd5 7. e3 Be7 8. Bb5+
c6 9. Bd3 O-O 10. Qe2 c5 11. O-O Nc6 12. Rd1 cxd4 13. exd4 Nxc3 14. bxc3 Na5
15. Rb1 Rc8 16. Bd2 h6 17. a4 Bf6 18. Rb5 Bd5 19. Ne5 Qc7 20. Ng4 Qe7 21. Ne5
Qc7 22. Ng4 Qe7 23. Bb1 Bg5 24. f4 Bh4 25. Qd3 f5 26. Ne5 Bf6 27. Ng6 Qf7 28.
Nxf8 Bc4 29. Qe3 Bxb5 30. axb5 Kxf8 31. Ba2 Nc4 32. Qe2 Nd6 33. Qxe6 Qxe6 34.
Bxe6 Re8 35. Bd7 Rd8 36. Bc6 Nc4 37. Be1 Ne3 38. Rc1 Nd5 39. Bd2 Ne7 40. Bf3
Rc8 41. Ra1 Rc7 42. Re1 Rd7 43. Kf1 Nd5 44. Ke2 Ke7 45. Kd3+ Kd6 46. c4 Ne7 47.
Bc3 Kc7 48. d5 Nc8 49. Bxf6 gxf6 50. Re6 Rd6 51. Re8 Rd8 52. Re1 Rd7 53. Kd4
Re7 54. Rxe7+ Nxe7 55. c5 bxc5+ 56. Kxc5 Nc8 57. Bh5 Nd6 58. Be2 Ne4+ 59. Kb4
Kb6 60. Bd3 Nd6 61. g3 Kc7 62. Kc5 Nb7+ 63. Kb4 Nd6 64. Kc5 Nb7+ 65. Kb4 Nd6
66. Kc5 Nb7+ 67. Kb4 1/2-1/2

[Event "Mittelfrankenliga 05/06 (B1)"]
[Site "Mfr.2005/06-R9"]
[Date "2006.04.30"]
[Round "9.7"]
[White "Rosin, Ralf"]
[Black "Pannek, Matthias"]
[Result "1-0"]
[WhiteElo "1961"]
[BlackElo "1953"]
[Annotator "Nbg.1911/1-Großenseebach1"]
[PlyCount "113"]
[EventDate "2006.04.30"]
[SourceDate "2005.10.17"]

1. d4 d5 2. Nf3 Nf6 3. e3 e6 4. Bd3 Bd6 5. Nbd2 O-O 6. O-O b6 7. e4 dxe4 8.
Nxe4 Bb7 9. Nxd6 Qxd6 10. c3 Nbd7 11. Re1 Rfd8 12. Qe2 c5 13. dxc5 Nxc5 14. Bc2
Nce4 15. Be3 Qc6 16. Rad1 Qc7 17. Bd4 Qc6 18. Ne5 Qc7 19. Ng4 Qf4 20. Nxf6+
Nxf6 21. Rd3 Ba6 22. Qf3 Nd5 23. Be5 Qxf3 24. Rxf3 Ne7 25. Rg3 Ng6 26. Bd4 Rac8
27. h4 e5 28. Bxe5 Nxe5 29. Rxe5 Rd2 30. Rge3 f6 31. Bb3+ Kf8 32. Re7 Bc4 33.
Rxa7 Bxb3 34. axb3 Rxb2 35. c4 Rd8 36. Ree7 Rd1+ 37. Kh2 Rxf2 38. Rf7+ Ke8 39.
Rxg7 Kf8 40. Rxh7 Kg8 41. h5 Rf5 42. Rag7+ Kf8 43. Rb7 Kg8 44. h6 Rh5+ 45. Kg3
Rg5+ 46. Kf3 Rd3+ 47. Ke4 Rxb3 48. Rhc7 Kh8 49. Rc8+ Rg8 50. Rxg8+ Kxg8 51. g4
Rb4 52. Kd5 Kh8 53. Rf7 b5 54. c5 Rxg4 55. c6 Rg8 56. c7 Rc8 57. Rd7 1-0

[Event "Mittelfrankenliga 05/06 (B1)"]
[Site "Mfr.2005/06-R9"]
[Date "2006.04.30"]
[Round "9.8"]
[White "Fuchs, Gerhard[66]"]
[Black "Meyer, Harald"]
[Result "1-0"]
[WhiteElo "2134"]
[BlackElo "1768"]
[Annotator "Nbg.1911/1-Großenseebach1"]
[PlyCount "76"]
[EventDate "2006.04.30"]
[SourceDate "2005.10.17"]

1. b3 Nf6 2. Bb2 e6 3. Nf3 d5 4. g3 c5 5. Bg2 Nc6 6. O-O Be7 7. d4 O-O 8. Nbd2
b6 9. c4 Bb7 10. cxd5 exd5 11. Rc1 Re8 12. dxc5 Bxc5 13. Ne1 Nd4 14. Bxd4 Bxd4
15. Ndf3 Bc5 16. Nd3 Bd6 17. Nd4 Qd7 18. b4 Rac8 19. Qb3 Ne4 20. Qb2 Rxc1 21.
Rxc1 Rc8 22. b5 Rxc1+ 23. Nxc1 Bc5 24. Ncb3 Bxd4 25. Nxd4 Qc8 26. e3 Nd6 27. h4
h6 28. Kh2 Qc4 29. Kg1 Qc8 30. Qa3 Qb8 31. Bh3 Bc8 32. Nc6 Qc7 33. Bf1 Nc4 34.
Qxa7 Qxa7 35. Nxa7 Bb7 36. Nc6 Bxc6 37. bxc6 Nd6 38. Ba6 Ne8 1-0

[Event "Mittelfrankenliga 05/06 (B1)"]
[Site "Mfr.2005/06-R9"]
[Date "2006.04.30"]
[Round "9.1"]
[White "Basting, Steffen"]
[Black "Seitz, Hans"]
[Result "1/2-1/2"]
[WhiteElo "1973"]
[BlackElo "2038"]
[Annotator "Herzogenaurach1-SF Fürth1"]
[PlyCount "68"]
[EventDate "2006.04.30"]
[SourceDate "2005.10.17"]

1. Nf3 d5 2. c4 c6 3. b3 Nf6 4. g3 Bg4 5. Bb2 Nbd7 6. Bg2 e6 7. O-O Be7 8. d3
O-O 9. Qc2 Qb8 10. Nbd2 Rc8 11. Rfe1 b5 12. Rac1 Qb7 13. Qb1 bxc4 14. dxc4 Bf5
15. Qa1 Bf8 16. h3 a5 17. Nh4 Bg6 18. Nxg6 hxg6 19. a3 Rab8 20. Bc3 Qa7 21. Bd4
Qa6 22. c5 Qa7 23. f4 Rb5 24. e3 Qa8 25. Bf1 Rxc5 26. Bxc5 Bxc5 27. Kg2 Qa7 28.
Qc3 Qb6 29. a4 Bb4 30. Qc2 Ne4 31. Nxe4 dxe4 32. Re2 f5 33. Qc4 Kf7 34. Rd1 Nf6
1/2-1/2

[Event "Mittelfrankenliga 05/06 (B1)"]
[Site "Mfr.2005/06-R9"]
[Date "2006.04.30"]
[Round "9.2"]
[White "Glitz, Martin"]
[Black "Kociurzynski, Andre"]
[Result "1-0"]
[WhiteElo "1990"]
[BlackElo "1940"]
[Annotator "Herzogenaurach1-SF Fürth1"]
[PlyCount "109"]
[EventDate "2006.04.30"]
[SourceDate "2005.10.17"]

1. e4 c5 2. Nf3 e6 3. d4 cxd4 4. Nxd4 a6 5. Bd3 Bc5 6. Nb3 Bb6 7. Qe2 d6 8. Nc3
Nf6 9. Be3 Nc6 10. Bxb6 Qxb6 11. O-O-O Qc7 12. f4 b5 13. Rhe1 b4 14. Na4 e5 15.
Qe3 Rb8 16. c4 bxc3 17. Nxc3 Be6 18. Bc2 Nb4 19. fxe5 Bxb3 20. Bxb3 dxe5 21.
Ba4+ Ke7 22. Kb1 Qb6 23. Qxb6 Rxb6 24. a3 Nc6 25. Nd5+ Nxd5 26. exd5 Na5 27.
Rxe5+ Kd6 28. Re2 Nc4 29. Ka2 Ne5 30. Rc2 Rhb8 31. Rdd2 h6 32. Rc3 Ng4 33. Rc6+
Ke5 34. Rc7 R8b7 35. Rxb7 Rxb7 36. d6 Rb8 37. d7 Rd8 38. Re2+ Kd6 39. Re8 Kc7
40. Re7 Nxh2 41. Rxf7 g5 42. Rf6 Ng4 43. Rxa6 Rf8 44. Rc6+ Kb7 45. Re6 Rd8 46.
Bb5 Kc7 47. a4 Rb8 48. Ka3 Rxb5 49. axb5 Kxd7 50. Rg6 Ne3 51. Rxh6 Nxg2 52. Rg6
Ne3 53. Rxg5 Nc4+ 54. Kb4 Nxb2 55. Rd5+ 1-0

[Event "Mittelfrankenliga 05/06 (B1)"]
[Site "Mfr.2005/06-R9"]
[Date "2006.04.30"]
[Round "9.3"]
[White "Kirbach, Thomas"]
[Black "Walther, Reinhard"]
[Result "0-1"]
[WhiteElo "1936"]
[BlackElo "2006"]
[Annotator "Herzogenaurach1-SF Fürth1"]
[PlyCount "85"]
[EventDate "2006.04.30"]
[SourceDate "2005.10.17"]

1. d4 d5 2. c4 Bf5 3. Nc3 e6 4. Nf3 Nc6 5. Bg5 Be7 6. Bxe7 Ngxe7 7. e3 O-O 8.
Nh4 h6 9. Nxf5 Nxf5 10. Bd3 dxc4 11. Bxc4 Qg5 12. g3 Rad8 13. f4 Qe7 14. Qe2 a6
15. O-O Nb4 16. a3 Nd5 17. Rf3 c5 18. Rd1 cxd4 19. Nxd5 exd5 20. Bb3 Qc5 21.
Qd3 Nxe3 22. Qxd4 Qxd4 23. Rxd4 Rfe8 24. h3 b5 25. Kf2 Nc4 26. Bxc4 dxc4 27.
Rxd8 Rxd8 28. b3 Rd2+ 29. Ke1 Rc2 30. Kd1 cxb3 31. Rxb3 Rh2 32. h4 g6 33. Re3
Ra2 34. Ke1 Kg7 35. Kf1 h5 36. Kg1 Kf6 37. Kf1 Kf5 38. Kg1 Kg4 39. Rd3 Kh3 40.
Rd7 Kxg3 41. Kf1 Rxa3 42. Rxf7 Rf3+ 43. Ke2 0-1

[Event "Mittelfrankenliga 05/06 (B1)"]
[Site "Mfr.2005/06-R9"]
[Date "2006.04.30"]
[Round "9.4"]
[White "Trockmann, Rafael"]
[Black "Schoeller, Wolfgang"]
[Result "0-1"]
[WhiteElo "1912"]
[BlackElo "2003"]
[Annotator "Herzogenaurach1-SF Fürth1"]
[PlyCount "81"]
[EventDate "2006.04.30"]
[SourceDate "2005.10.17"]

1. Nf3 Nf6 2. c4 d6 3. d4 Nbd7 4. Nc3 e5 5. e4 c6 6. Bg5 Be7 7. Qc2 O-O 8.
O-O-O Qc7 9. g3 a6 10. d5 h6 11. Bd2 cxd5 12. Nxd5 Nxd5 13. exd5 Nf6 14. h3 b5
15. cxb5 Qxc2+ 16. Kxc2 Bf5+ 17. Kc1 axb5 18. a3 Rfc8+ 19. Bc3 b4 20. axb4 Ra1+
21. Kd2 Ne4+ 22. Ke1 Rxd1+ 23. Kxd1 Nxf2+ 24. Kd2 Nxh1 25. Ba6 Ra8 26. Bb7 Ra1
27. g4 Bg6 28. b5 Ng3 29. Bb4 Ne4+ 30. Ke2 Bd8 31. h4 Rb1 32. Ba3 Nc5 33. Bc6
Bb6 34. Nd2 Bd3+ 35. Kf3 Rd1 36. b4 Na4 37. Nb3 Bc4 38. Na5 Bxd5+ 39. Bxd5 Rxd5
40. Nc4 Rd4 41. Nxb6 0-1

[Event "Mittelfrankenliga 05/06 (B1)"]
[Site "Mfr.2005/06-R9"]
[Date "2006.04.30"]
[Round "9.5"]
[White "Koschka, Guenther"]
[Black "Boehm, Reinhard,Dr."]
[Result "1-0"]
[WhiteElo "1938"]
[BlackElo "1844"]
[Annotator "Herzogenaurach1-SF Fürth1"]
[PlyCount "121"]
[EventDate "2006.04.30"]
[SourceDate "2005.10.17"]

1. e4 Nf6 2. e5 Nd5 3. d4 d6 4. exd6 exd6 5. Nf3 Bg4 6. Be2 Be7 7. O-O O-O 8.
c4 Nb6 9. Nc3 Nc6 10. d5 Bxf3 11. Bxf3 Ne5 12. b3 Bf6 13. Bb2 Nxf3+ 14. Qxf3
Nd7 15. Rae1 Re8 16. Re2 Rxe2 17. Qxe2 Qe8 18. Qd2 Qf8 19. Ba3 Bxc3 20. Qxc3
Re8 21. Bb2 f6 22. Qa5 Re2 23. Bd4 Qe8 24. Qxc7 Re1 25. Qxd6 Qe2 26. Qe6+ Qxe6
27. dxe6 Rxe6 28. Be3 Rd6 29. Rc1 b6 30. Kf1 Kf7 31. Ke2 Ke6 32. Bf4 Ne5 33.
Bxe5 fxe5 34. c5 bxc5 35. Rxc5 Rd7 36. Ke3 Kf6 37. Rc6+ Kf5 38. f3 h5 39. h3 h4
40. Rc1 g5 41. b4 Rb7 42. Rc4 Rb6 43. a4 a6 44. Kd3 Rd6+ 45. Kc2 Rb6 46. Kc3
Ke6 47. Rc5 Rd6 48. b5 axb5 49. axb5 Rb6 50. Kb4 Kd6 51. Kc4 Rb8 52. Rc6+ Kd7
53. Rg6 Rc8+ 54. Kd5 Rc2 55. Rg7+ Kc8 56. Rxg5 Kb7 57. Kxe5 Kb6 58. Kf6 Rc4 59.
Rg4 Rc5 60. f4 Kxb5 61. Rg5 1-0

[Event "Mittelfrankenliga 05/06 (B1)"]
[Site "Mfr.2005/06-R9"]
[Date "2006.04.30"]
[Round "9.6"]
[White "Wolter, Norbert"]
[Black "Thiele, Heinz[56]"]
[Result "1/2-1/2"]
[WhiteElo "1765"]
[BlackElo "1994"]
[Annotator "Herzogenaurach1-SF Fürth1"]
[PlyCount "62"]
[EventDate "2006.04.30"]
[SourceDate "2005.10.17"]

1. c4 g6 2. Nc3 Bg7 3. Nf3 d6 4. d4 Nf6 5. e4 O-O 6. Be2 Nc6 7. d5 Nb8 8. O-O
e5 9. Ne1 Qe7 10. Be3 h6 11. Nd3 Nbd7 12. b4 Ne8 13. Qb3 f5 14. f3 Ndf6 15. c5
f4 16. cxd6 cxd6 17. Bd2 Kh7 18. Rfc1 g5 19. Nf2 h5 20. Qc2 Kh8 21. Qd1 Rg8 22.
Rc2 Bh6 23. Rac1 Bd7 24. Bb5 g4 25. Bxd7 Qxd7 26. Qe2 Qg7 27. Nb5 Rd8 28. Nc7
Nxc7 29. Rxc7 Rd7 30. Rxd7 Qxd7 31. Kh1 Rc8 1/2-1/2

[Event "Mittelfrankenliga 05/06 (B1)"]
[Site "Mfr.2005/06-R9"]
[Date "2006.04.30"]
[Round "9.7"]
[White "Dittmar, Thomas"]
[Black "Habermann, Manfred,Dr."]
[Result "1-0"]
[WhiteElo "1903"]
[BlackElo "1903"]
[Annotator "Herzogenaurach1-SF Fürth1"]
[PlyCount "69"]
[EventDate "2006.04.30"]
[SourceDate "2005.10.17"]

1. Nc3 d5 2. e4 dxe4 3. Nxe4 Nf6 4. Nxf6+ exf6 5. d4 Bd6 6. Bd3 Nc6 7. c3 Qe7+
8. Ne2 Bg4 9. f3 Bh5 10. Qb3 Nd8 11. Bd2 c6 12. O-O-O Qc7 13. Rhe1 Kf8 14. Ng3
Bg6 15. Nf5 Bf4 16. Qa3+ c5 17. Bxf4 Qxf4+ 18. Kc2 Ne6 19. Rxe6 fxe6 20. Qxc5+
Kg8 21. Ne7+ Kf7 22. Nxg6 hxg6 23. Qb5 f5 24. Re1 Rhe8 25. Qxb7+ Kg8 26. Bc4
Rab8 27. Qd7 Rxb2+ 28. Kxb2 Qd2+ 29. Ka3 Qxc3+ 30. Bb3 Rb8 31. Qxe6+ Kh7 32.
Qe3 Qb4+ 33. Kb2 a5 34. f4 a4 35. Qh3# 1-0

[Event "Mittelfrankenliga 05/06 (B1)"]
[Site "Mfr.2005/06-R9"]
[Date "2006.04.30"]
[Round "9.8"]
[White "Eichstaedt, Timm"]
[Black "Berkovych, Igor"]
[Result "1/2-1/2"]
[WhiteElo "1861"]
[BlackElo "1913"]
[Annotator "Herzogenaurach1-SF Fürth1"]
[PlyCount "120"]
[EventDate "2006.04.30"]
[SourceDate "2005.10.17"]

1. d4 Nf6 2. c4 g6 3. Nc3 Bg7 4. e4 d6 5. Bg5 Nbd7 6. Nf3 c5 7. Be2 Qb6 8. d5
h6 9. Bd2 O-O 10. O-O a6 11. Rb1 Rb8 12. a3 Ng4 13. Ne1 h5 14. h3 Ngf6 15. b4
Qc7 16. Qc2 cxb4 17. axb4 Ne5 18. Nd1 Re8 19. Kh1 e6 20. f4 Ned7 21. dxe6 Rxe6
22. Bf3 b5 23. Ne3 bxc4 24. Qxc4 Qxc4 25. Nxc4 Nxe4 26. Bxe4 Rxe4 27. Nxd6 Re2
28. Nf3 Bb7 29. Nxb7 Rxb7 30. Rfc1 Nf6 31. Rc8+ Re8 32. Rbc1 Bf8 33. Rxe8 Nxe8
34. Rc8 Nd6 35. Ra8 Ne4 36. Bc1 Kg7 37. Bb2+ f6 38. Rxa6 Bxb4 39. Ng5 Bc3 40.
Ne6+ Kh6 41. Bxc3 Nxc3 42. Kh2 Nd5 43. Ra8 h4 44. Rh8+ Rh7 45. Rd8 Re7 46. Rd6
Ne3 47. Ra6 Rd7 48. Ra2 Rd1 49. g4 hxg3+ 50. Kxg3 Rg1+ 51. Kh2 Rf1 52. Ra8 Kh7
53. Ra7+ Kh8 54. Rg7 Rxf4 55. Rxg6 Rf2+ 56. Kh1 Rf1+ 57. Rg1 Rxg1+ 58. Kxg1 Kh7
59. Kf2 Nf5 60. Kf3 Kg6 1/2-1/2

[Event "Mittelfrankenliga 05/06 (B1)"]
[Site "Mfr.2005/06-R9"]
[Date "2006.04.30"]
[Round "9.1"]
[White "Kroneder, Christian"]
[Black "Trefny, Vlastimil"]
[Result "0-1"]
[WhiteElo "2077"]
[BlackElo "2201"]
[Annotator "SG/TB Erlangen1-Schwanstetten1"]
[PlyCount "72"]
[EventDate "2006.04.30"]
[SourceDate "2005.10.17"]

1. Nf3 d5 2. d4 Nf6 3. c4 c6 4. Nc3 e6 5. Bg5 dxc4 6. e4 b5 7. e5 h6 8. Bh4 g5
9. Nxg5 hxg5 10. Bxg5 Nbd7 11. exf6 Qb6 12. g3 Bb7 13. Bg2 O-O-O 14. O-O c5 15.
d5 b4 16. Na4 Qb5 17. a3 Nb8 18. axb4 cxb4 19. Qe2 Bxd5 20. Rfc1 Nc6 21. Bxd5
Rxd5 22. Qxc4 Rd1+ 23. Rxd1 Qxc4 24. Rdc1 Qd5 25. Rxc6+ Qxc6 26. Rc1 Kb7 27.
Rxc6 Kxc6 28. h4 Kd5 29. Be3 Kc4 30. Bxa7 Kb3 31. Nc5+ Kxb2 32. Ne4 Kc2 33. Ng5
b3 34. Bd4 Bc5 35. Be5 Bd6 36. Ba1 Ra8 0-1

[Event "Mittelfrankenliga 05/06 (B1)"]
[Site "Mfr.2005/06-R9"]
[Date "2006.04.30"]
[Round "9.2"]
[White "Goetz, Andreas[66]"]
[Black "Wittmann, Karl"]
[Result "0-1"]
[WhiteElo "2101"]
[BlackElo "2056"]
[Annotator "SG/TB Erlangen1-Schwanstetten1"]
[PlyCount "62"]
[EventDate "2006.04.30"]
[SourceDate "2005.10.17"]

1. d4 Nf6 2. Nf3 g6 3. e3 Bg7 4. Bd3 c5 5. c3 b6 6. O-O Bb7 7. Nbd2 O-O 8. Qe2
d6 9. e4 Nbd7 10. Re1 e5 11. dxe5 dxe5 12. Nf1 c4 13. Bxc4 Nxe4 14. Ba6 Bxa6
15. Qxa6 Nec5 16. Qe2 Qc7 17. Ng3 e4 18. Nd4 Rae8 19. Nb5 Qb8 20. Rd1 f5 21.
Qc2 Ne5 22. b3 Ncd3 23. Ba3 Rf6 24. Nf1 Rc8 25. Ne3 Rfc6 26. Nd5 Ng4 27. Ne7+
Kh8 28. Bd6 Rxd6 29. Nxd6 Qxd6 30. Nxc8 Qxh2+ 31. Kf1 Ne3+ 0-1

[Event "Mittelfrankenliga 05/06 (B1)"]
[Site "Mfr.2005/06-R9"]
[Date "2006.04.30"]
[Round "9.3"]
[White "Manthey, Frank"]
[Black "Liepold, Stefan"]
[Result "0-1"]
[WhiteElo "2018"]
[BlackElo "2187"]
[Annotator "SG/TB Erlangen1-Schwanstetten1"]
[PlyCount "94"]
[EventDate "2006.04.30"]
[SourceDate "2005.10.17"]

1. e4 e6 2. d4 d5 3. Nc3 Nf6 4. Bg5 Be7 5. e5 Nfd7 6. h4 Nc6 7. Qg4 h5 8. Bxe7
hxg4 9. Bxd8 Kxd8 10. O-O-O Ne7 11. f3 g3 12. Nge2 Nf5 13. Rh3 g6 14. Nxg3 Nxg3
15. Rxg3 Rxh4 16. Rh3 Rxh3 17. gxh3 Ke7 18. f4 Nb6 19. b3 Bd7 20. Kd2 Rh8 21.
Ke3 Nc8 22. Kf3 Kd8 23. Rd2 Ne7 24. Nd1 a5 25. Nf2 b6 26. Bd3 c5 27. c3 Kc7 28.
Kg3 a4 29. bxa4 Bxa4 30. h4 Nc6 31. Bb1 Bb5 32. Nh3 Ra8 33. Ng5 Nd8 34. Nf3 Ra3
35. dxc5 bxc5 36. h5 gxh5 37. Kh4 Rxc3 38. Rf2 Rc1 39. Rb2 Bc4 40. Kxh5 Be2 41.
Rxe2 Rxb1 42. Kg5 Rf1 43. Re3 d4 44. Ra3 Nc6 45. Kf6 c4 46. Kxf7 Rxf3 47. Rxf3
d3 0-1

[Event "Mittelfrankenliga 05/06 (B1)"]
[Site "Mfr.2005/06-R9"]
[Date "2006.04.30"]
[Round "9.4"]
[White "Martin Fernandez, Rodrigo"]
[Black "Kotissek, Philipp"]
[Result "1-0"]
[WhiteElo "2045"]
[BlackElo "2048"]
[Annotator "SG/TB Erlangen1-Schwanstetten1"]
[PlyCount "67"]
[EventDate "2006.04.30"]
[SourceDate "2005.10.17"]

1. d4 f5 2. Nf3 Nf6 3. g3 g6 4. Bg2 Bg7 5. O-O O-O 6. c4 d6 7. Nc3 Nc6 8. d5
Ne5 9. Nxe5 dxe5 10. Qb3 h6 11. Rd1 Kh8 12. Bd2 g5 13. Rac1 a6 14. c5 Qe8 15.
Be1 Qh5 16. d6 exd6 17. cxd6 c6 18. Na4 Qf7 19. Qxf7 Rxf7 20. Nb6 Rb8 21. Bc3
Nd7 22. Nxc8 Rxc8 23. e4 f4 24. Bh3 Bf6 25. Bf5 Rg7 26. g4 Re8 27. Rd3 h5 28.
gxh5 Rb8 29. h6 Rf7 30. b4 Rc8 31. Bb2 Rd8 32. Rcd1 Nb6 33. Bc3 Nc4 34. Be6 1-0

[Event "Mittelfrankenliga 05/06 (B1)"]
[Site "Mfr.2005/06-R9"]
[Date "2006.04.30"]
[Round "9.5"]
[White "Arlt, Michael"]
[Black "Petzold, Vinzenz"]
[Result "1-0"]
[WhiteElo "1944"]
[BlackElo "2068"]
[Annotator "SG/TB Erlangen1-Schwanstetten1"]
[PlyCount "57"]
[EventDate "2006.04.30"]
[SourceDate "2005.10.17"]

1. e4 c5 2. Nc3 d6 3. Nf3 a6 4. a4 g6 5. d4 cxd4 6. Nxd4 Bg7 7. Be3 Nf6 8. Qd2
Bd7 9. f3 Nc6 10. Nb3 Rc8 11. Nd5 Nxd5 12. exd5 Ne5 13. Bd4 O-O 14. Qb4 Rxc2
15. Bc3 Bf5 16. Nd4 Rxg2 17. Nxf5 Nxf3+ 18. Kd1 Bxc3 19. Nh6+ Kg7 20. Qxc3+
Kxh6 21. Qxf3 Rg5 22. Qe3 Qa5 23. Bg2 Qc5 24. Qd2 Qc4 25. Ra3 Qg4+ 26. Bf3 Qh4
27. Rg1 f6 28. Rg4 Qxh2 29. Qxh2+ 1-0

[Event "Mittelfrankenliga 05/06 (B1)"]
[Site "Mfr.2005/06-R9"]
[Date "2006.04.30"]
[Round "9.6"]
[White "Walter, Thomas[78]"]
[Black "Cipra, Lothar"]
[Result "1-0"]
[WhiteElo "2020"]
[BlackElo "1898"]
[Annotator "SG/TB Erlangen1-Schwanstetten1"]
[PlyCount "108"]
[EventDate "2006.04.30"]
[SourceDate "2005.10.17"]

1. e4 c5 2. Nf3 e6 3. b3 d5 4. exd5 exd5 5. d4 Nf6 6. Bb5+ Nc6 7. O-O Bd6 8.
Re1+ Be6 9. Ng5 O-O 10. Rxe6 fxe6 11. Nxe6 Qe7 12. Nxf8 Nxd4 13. Nd7 Nxb5 14.
a4 Nd4 15. Nxf6+ Qxf6 16. c3 Re8 17. Be3 Nf5 18. Qxd5+ Kh8 19. Nd2 Nxe3 20.
fxe3 Qh6 21. Nf3 Qxe3+ 22. Kh1 Qf4 23. Rd1 h6 24. Qxd6 Re1+ 25. Ng1 Qxd6 26.
Rxd6 Re3 27. Rd7 b6 28. b4 Rxc3 29. bxc5 bxc5 30. Rxa7 Ra3 31. h3 c4 32. Ne2 c3
33. Rc7 Rxa4 34. Nxc3 Rd4 35. Kh2 Rd3 36. Ne4 Ra3 37. Ng3 Ra5 38. Ne4 Ra3 39.
Nd6 Ra6 40. Ne8 Rg6 41. Nxg7 Rxg7 42. Rxg7 Kxg7 43. Kg3 Kf7 44. Kf3 Kg7 45. Ke4
Kg6 46. Ke5 Kg5 47. g3 Kh5 48. Kd6 Kg5 49. Ke7 Kg6 50. h4 Kf5 51. Kf7 Kg4 52.
Kg6 Kxg3 53. h5 Kg4 54. Kxh6 Kf5 1-0

[Event "Mittelfrankenliga 05/06 (B1)"]
[Site "Mfr.2005/06-R9"]
[Date "2006.04.30"]
[Round "9.7"]
[White "Vogt, Peter[62]"]
[Black "Weiss, Michael[81]"]
[Result "1/2-1/2"]
[WhiteElo "1849"]
[BlackElo "1957"]
[Annotator "SG/TB Erlangen1-Schwanstetten1"]
[PlyCount "89"]
[EventDate "2006.04.30"]
[SourceDate "2005.10.17"]

1. e4 c5 2. Nf3 a6 3. d4 cxd4 4. Nxd4 Nf6 5. Nc3 e5 6. Nb3 d6 7. Be2 Be7 8. O-O
O-O 9. Kh1 b5 10. a4 b4 11. Nd5 Bb7 12. Nxe7+ Qxe7 13. f3 Nc6 14. Be3 Rac8 15.
Qd2 Rfd8 16. Bb6 Rd7 17. Rfd1 d5 18. Nc5 Rd6 19. Nxa6 Nd4 20. Bxd4 Bxa6 21. Bf2
Bxe2 22. Qxe2 Rdc6 23. Rd2 dxe4 24. fxe4 Rc4 25. Bh4 Qe6 26. Rad1 h6 27. Bxf6
Qxf6 28. a5 Qg6 29. Rd8+ Kh7 30. Rxc8 Rxc8 31. h3 Qc6 32. Rd2 Qa4 33. a6 Rc6
34. Qh5 Rg6 35. Qxe5 Qxa6 36. Kh2 Qc6 37. c3 Rg5 38. Qd4 bxc3 39. bxc3 Rc5 40.
Rd3 Rc4 41. Qd5 Qc7+ 42. Kg1 Rxc3 43. Rxc3 Qxc3 44. Qxf7 Qe3+ 45. Kf1 1/2-1/2

[Event "Mittelfrankenliga 05/06 (B1)"]
[Site "Mfr.2005/06-R9"]
[Date "2006.04.30"]
[Round "9.8"]
[White "Albrecht, Thorsten"]
[Black "Kotissek, Ulrich"]
[Result "1/2-1/2"]
[WhiteElo "1964"]
[BlackElo "1884"]
[Annotator "SG/TB Erlangen1-Schwanstetten1"]
[PlyCount "72"]
[EventDate "2006.04.30"]
[SourceDate "2005.10.17"]

1. d4 Nf6 2. c4 g6 3. Nc3 Bg7 4. Bf4 d6 5. h3 O-O 6. Nf3 c6 7. e3 d5 8. Be2 Be6
9. Ng5 Bf5 10. O-O h6 11. Nf3 Qb6 12. Na4 Qa5 13. c5 Ne4 14. a3 b5 15. cxb6
axb6 16. b3 b5 17. Nb2 Nc3 18. Qd2 Nxe2+ 19. Qxe2 Qc3 20. g4 Be4 21. Ne1 g5 22.
Bxb8 Rfxb8 23. Ned3 Qxb3 24. Nc5 Qc2 25. Qxc2 Bxc2 26. Rfc1 Ba4 27. Nbd3 Ra7
28. Nb4 Rb6 29. Nxa4 bxa4 30. Nxc6 Rab7 31. Nb4 e6 32. Rc8+ Bf8 33. Ra8 Kg7 34.
Rxa4 Bxb4 35. axb4 Rxb4 36. Rxb4 Rxb4 1/2-1/2

[Event "Mittelfrankenliga 05/06 (B2b)"]
[Site "Mfr.2005/06-R9"]
[Date "2006.04.30"]
[Round "9.2"]
[White "Ackermann, Robert"]
[Black "Kendzia, Nikolai"]
[Result "1/2-1/2"]
[WhiteElo "1923"]
[BlackElo "1921"]
[Annotator "NT Nbg.4-Postbauer2"]
[PlyCount "145"]
[EventDate "2006.04.30"]
[SourceDate "2005.10.17"]

1. d4 Nf6 2. c4 c5 3. d5 b5 4. e3 bxc4 5. Bxc4 d6 6. Nc3 g6 7. Nge2 Bg7 8. O-O
O-O 9. Ng3 Nbd7 10. f4 Nb6 11. Be2 Rb8 12. f5 Nbd7 13. h4 Ne5 14. e4 Qa5 15. a4
Ba6 16. h5 Rb4 17. Rb1 Rfb8 18. fxg6 fxg6 19. hxg6 hxg6 20. Qc2 Bc4 21. Bxc4
Rxc4 22. Bd2 Rd4 23. Nge2 Rd3 24. Nf4 Rxd2 25. Qxd2 Bh6 26. Qe2 c4 27. g3 Nfg4
28. Nxg6 Qc5+ 29. Kh1 Bg5 30. Nxe5 Nxe5 31. Rf5 Bf6 32. Kg2 Kg7 33. Rh1 Qd4 34.
Nd1 Qd3 35. Re1 Rb3 36. Nc3 Qxe2+ 37. Rxe2 Nd3 38. Nb5 a6 39. Nc7 Nxb2 40. Ne6+
Kf7 41. e5 dxe5 42. Rexe5 Nd1 43. g4 Ne3+ 44. Rxe3 Rxe3 45. g5 Re5 46. Rf2 Rxd5
47. gxf6 exf6 48. Nf4 Ra5 49. Ra2 Ke7 50. Kf3 Kd6 51. Ke4 Kc5 52. Ne6+ Kb4 53.
Kd4 Rxa4 54. Rb2+ Ka3 55. Kc3 Ra5 56. Nd4 Rg5 57. Nc2+ Ka4 58. Kxc4 Rg4+ 59.
Nd4 Ka3 60. Rb6 f5 61. Rxa6+ Kb2 62. Kd3 Rg3+ 63. Kd2 Rg2+ 64. Ne2 Kb3 65. Kd3
Kb4 66. Rc6 Rg8 67. Rc4+ Kb5 68. Nd4+ Kb6 69. Nxf5 Rd8+ 70. Nd4 Rh8 71. Rc6+
Kb7 72. Rg6 Rh3+ 73. Kc4 1/2-1/2

[Event "Mittelfrankenliga 05/06 (B2b)"]
[Site "Mfr.2005/06-R9"]
[Date "2006.04.30"]
[Round "9.3"]
[White "Naegelein, Andreas"]
[Black "Pranschke, Gerd"]
[Result "0-1"]
[WhiteElo "1820"]
[BlackElo "1963"]
[Annotator "NT Nbg.4-Postbauer2"]
[PlyCount "82"]
[EventDate "2006.04.30"]
[SourceDate "2005.10.17"]

1. d4 Nf6 2. Nc3 d5 3. Bf4 c6 4. Nf3 h6 5. h3 Bf5 6. e3 e6 7. Be2 Be7 8. O-O
O-O 9. Nd2 c5 10. dxc5 Bxc5 11. Nb3 Bb4 12. Nb5 Nc6 13. a3 Be7 14. N5d4 Bh7 15.
c4 Qb6 16. cxd5 Nxd5 17. Nxc6 Qxc6 18. Na5 Qb6 19. Nc4 Qd8 20. Be5 Rc8 21. Qb3
b6 22. Rac1 Bc5 23. Rfd1 Qg5 24. Bf3 Rfd8 25. Bd4 Be7 26. Qa4 Bf6 27. Bxf6 Qxf6
28. e4 Nf4 29. e5 Qg5 30. Rxd8+ Rxd8 31. Re1 Nxh3+ 32. Kf1 Bd3+ 33. Be2 Bxe2+
34. Kxe2 Nf4+ 35. Kf3 Qxg2+ 36. Ke3 Nd3 37. Re2 Qg5+ 38. Kf3 Qf4+ 39. Kg2 Qg4+
40. Kf1 Qh3+ 41. Kg1 Nf4 0-1

[Event "Mittelfrankenliga 05/06 (B2b)"]
[Site "Mfr.2005/06-R9"]
[Date "2006.04.30"]
[Round "9.4"]
[White "Lutzky, Manfred"]
[Black "Firla, Erwin"]
[Result "1-0"]
[WhiteElo "1843"]
[BlackElo "1939"]
[Annotator "NT Nbg.4-Postbauer2"]
[PlyCount "35"]
[EventDate "2006.04.30"]
[SourceDate "2005.10.17"]

1. e4 e5 2. Nf3 Nc6 3. Bc4 Be7 4. d4 exd4 5. Nxd4 Bc5 6. Bxf7+ Kf8 7. Nxc6 Qf6
8. O-O Qxf7 9. Ne5 Qe7 10. Qh5 Nf6 11. Ng6+ hxg6 12. Qxh8+ Kf7 13. Nc3 b6 14.
Bg5 Bb7 15. Qh4 Kg8 16. Rfe1 d6 17. Nd5 Qf7 18. Nxf6+ 1-0

[Event "Mittelfrankenliga 05/06 (B2b)"]
[Site "Mfr.2005/06-R9"]
[Date "2006.04.30"]
[Round "9.5"]
[White "Pfeiffer, Georg"]
[Black "Horstmann, Astrid"]
[Result "1-0"]
[WhiteElo "1911"]
[BlackElo "1718"]
[Annotator "NT Nbg.4-Postbauer2"]
[PlyCount "43"]
[EventDate "2006.04.30"]
[SourceDate "2005.10.17"]

1. e4 c5 2. Nf3 e6 3. c3 d5 4. exd5 Qxd5 5. d4 Nf6 6. Be2 Nc6 7. O-O Be7 8. c4
Qd7 9. dxc5 Bxc5 10. Nc3 h6 11. a3 O-O 12. Qc2 a6 13. Rd1 Qc7 14. b4 Bd6 15. c5
Bf4 16. Bb2 Bd7 17. Ne4 Nd5 18. g3 f5 19. Nc3 Nxc3 20. Qxc3 Rf6 21. gxf4 Qxf4
22. Rxd7 1-0